LEADER 00986nam0-22002771i-450- 001 990003302100403321 005 20080606093751.0 035 $a000330210 035 $aFED01000330210 035 $a(Aleph)000330210FED01 035 $a000330210 100 $a20030910d--------km-y0itay50------ba 101 0 $aita 105 $ay-------001yy 200 1 $aBorchadt, Rudolf- Doderer, Heimito Von - Grimm, Hans - Handel - Mazzetti, Enrica - von Keller, Gottfried - Molo, Walter Von Ponten, Joseph - Zech, Paul 210 $aTorino$cs. n.$d1973 610 0 $aLetteratura tedesca 676 $a830 700 1$aDell'Agli,$bAnna Maria$0131159 801 0$aIT$bUNINA$gRICA$2UNIMARC 901 $aBK 912 $a990003302100403321 952 $a830 AGL /1$bLINGUE 2261 (DONO)$fDECLI 959 $aDECLI 996 $aBorchadt, Rudolf- Doderer, Heimito Von - Grimm, Hans - Handel - Mazzetti, Enrica - von Keller, Gottfried - Molo, Walter Von Ponten, Joseph - Zech, Paul$9446680 997 $aUNINA LEADER 00898nam0-22002771i-450- 001 990004953250403321 005 19990530 035 $a000495325 035 $aFED01000495325 035 $a(Aleph)000495325FED01 035 $a000495325 100 $a19990530g19659999km-y0itay50------ba 101 0 $aita 105 $ay---c---00--- 200 1 $aAlbi Tibulli Elegiae : Cum carminibus pseudo Tibullianis : Accedit index verborum / edidit Eduardus Hiller 210 $aHildesheim$cG. Olms$d1965. 215 $aXXIV, 105 p.$d21 cm 700 1$aTibullus,$bAlbius$f$0161758 702 1$aHiller,$bEdward 801 0$aIT$bUNINA$gRICA$2UNIMARC 901 $aBK 912 $a990004953250403321 952 $aVII G15$bBibl. 39556$fFLFBC 959 $aFLFBC 996 $aAlbi Tibulli Elegiae : Cum carminibus pseudo Tibullianis : Accedit index verborum$9528011 997 $aUNINA LEADER 01069nam0-22003371i-450- 001 990002056020403321 005 20021010 035 $a000205602 035 $aFED01000205602 035 $a(Aleph)000205602FED01 035 $a000205602 100 $a20021010d--------km-y0itay50------ba 101 0 $aita 200 1 $aVoyages et decouvertes scientifiques des missionaires naturalistes francais a travers le monde pendant cinq siecles$fP.Fournier 210 $aParis$cPaul Lechevalier & Fils$d1932 215 $a254 p.$d25 cm 225 1 $aEncyclopédie biologique$v10 300 $a2 parti in una 610 0 $aViaggi 610 0 $aStoria Naturale 610 0 $aEnciclopedie 676 $a600 700 1$aFournier,$bP.$0351617 801 0$aIT$bUNINA$gRICA$2UNIMARC 901 $aBK 912 $a990002056020403321 952 $a61 VIII B.2/03.10$bOPV. 263$fDAGEN 959 $aDAGEN 996 $aVoyages et decouvertes scientifiques des missionaires naturalistes francais a travers le monde pendant cinq siecles$9406255 997 $aUNINA DB $aING01 LEADER 01218nam 2200421 450 001 9910467616303321 005 20200520144314.0 010 $a1-62320-173-X 035 $a(CKB)4100000007585546 035 $a(MiAaPQ)EBC5649151 035 $a(Au-PeEL)EBL5649151 035 $a(OCoLC)1084449302 035 $a(EXLCZ)994100000007585546 100 $a20190216d2017 uy 0 101 0 $aeng 135 $aurcnu|||||||| 181 $ctxt$2rdacontent 182 $cc$2rdamedia 183 $acr$2rdacarrier 200 10$aChasing subprime credit $ehow China's Fintech sector is thriving /$fJoe Zhang 210 1$aHonolulu, HI :$cEnrich Professional Publishing,$d[2017] 210 4$d©2017 215 $a1 online resource (186 pages) 311 $a1-62320-172-1 606 $aBanks and banking$zChina 606 $aInformal sector (Economics)$zChina 608 $aElectronic books. 615 0$aBanks and banking 615 0$aInformal sector (Economics) 676 $a332.10951 700 $aZhang$b Joe$0714295 801 0$bMiAaPQ 801 1$bMiAaPQ 801 2$bMiAaPQ 906 $aBOOK 912 $a9910467616303321 996 $aChasing subprime credit$92145981 997 $aUNINA